000 00846nam a2200229 a 4500
001 39296
003 BD-RjUL
005 20211209052948.0
008 160407s2013 bg ||||| |||| 00| 0 ben d
020 _a984075145x
_c: TK. 200.00
035 _a(BD-RjUL)39409
040 _aBD-RjUL
_bben
_cBD-RjUL
041 _aben
082 _223
_a509.225492
_bRAU 2013
100 _aরহমান, বিলকিস
_9121145
245 _aউনিশ শতকে বাংলায় নারীপুরুষ সম্পক /
_cবিলকিস রহমান
260 _aঢাকা :
_bবাংলা একাডেমী ,
_c২০১৩
300 _a[দশ], ২৬৮ পৃ. :
_c২১ সেমি.
650 _aMen and Women Relation
_9121146
650 _aনারী পুরুষ সম্পক
_9121147
942 _2ddc
_cBK
999 _c39296
_d39296